Normal view MARC view
  • López Moya, Martín de la Cruz,

Entry Nombre Personal

Number of records used in: 1

001 - NUMERO DE CONTROL

  • campo de control: 47921

003 - IDENTIFICADOR DE NUMERO DE CONTROL

  • campo de control: DLC

005 - FECHA Y HORA DE LA ÜLTIMA TRANSACCIÓN

  • campo de control: 20230302130327.0

008 - DATOS DE LONGITUD FIJA

  • campo de control de longitud fija: 230302n| azannaabn |a aaa c

010 ## - NÚMERO DE CONTROL DE LA BIBLIOTECA DEL CONGRESO

  • Número de control LC: no2011070991

035 ## - NUMERO DE CONTROL

  • Número de control: (OCoLC)oca08847952

040 ## - FUENTE DE CATALOGACIÓN

  • Agencia original de catalogación: NjP
  • Lenguaje de catalogación: spa
  • Description conventions: rda
  • Agencia de transcripción: NjP
  • Agencia que lo modifica: DLC
  • Agencia que lo modifica: FMFIU
  • Agencia que lo modifica: DLC
  • Agencia que lo modifica: MX-MxUPN

046 ## - FECHAS CON CODIFICACIÓN ESPECIAL

  • Fecha de nacimiento: 1967
  • Fuente del formato de fecha: edtf

100 1# - ENCABEZAMIENTO - NOMBRE PERSONAL

  • Nombre personal: López Moya, Martín de la Cruz,
  • Fechas asociadas con el nombre: 1967-

370 ## - LUGAR ASOCIADO

  • Place of birth: Comitán de Domínguez (México)
  • Fuente del término: naf

374 ## - OCUPACIÓN

  • Occupation: Sociólogo
  • Occupation: Antropólogo
  • Fuente del término: lcsh

377 ## - LENGUA ASOCIADA

  • Language code: spa

400 1# - VEÁSE - NOMBRE DE PERSONA

  • Personal name: Cruz López Moya, Martín de la

400 1# - VEÁSE - NOMBRE DE PERSONA

  • Personal name: Moya, Martín de la Cruz López

400 1# - VEÁSE - NOMBRE DE PERSONA

  • Personal name: De la Cruz López Moya, Martín

400 1# - VEÁSE - NOMBRE DE PERSONA

  • Personal name: La Cruz López Moya, Martín de

670 ## - FUENTE EN LA QUE SE LOCALIZARON DATOS

  • Cita de la fuente: Hacerse hombres cabales, 2010:
  • Información localizada: portada (Martín de la Cruz López Moya) página12 (López Moya)

670 ## - FUENTE EN LA QUE SE LOCALIZARON DATOS

  • Cita de la fuente: Univ. de Ciencias y Artes de Chiapas. Plan de desarrollo institucional, 2011, via WWW, Aug. 23, 2011
  • Información localizada: (Mtro. Martín López Moya; H. Consejo Universitario)

670 ## - FUENTE EN LA QUE SE LOCALIZARON DATOS

  • Cita de la fuente: Caleidoscopio sonoro, 2017:
  • Información localizada: portada (Martín de la Cruz López Moya) solapa delantera (born Comitán, Chiapas [Mexico], 1967; sociologist, anthropologist)

902 ## - CATALOGADOR

  • Catalogador: NDAF/020323